[Event "Africa-ch (Women)"]
[Site "Cairo"]
[Date "2025.05.14"]
[Round "2"]
[White "Rakotoniaina, Tiana Johanna"]
[Black "Bushaala, Maryam Mohamed"]
[Result "1/2-1/2"]
[WhiteElo "1703"]
[BlackElo "1607"]
[PlyCount "113"]
[EventDate "2025.05.13"]
[EventType "swiss"]
[EventRounds "9"]
[EventCountry "EGY"]
[SourceTitle "CB22_2025"]
[SourceDate "2025.05.28"]
[SourceVersion "1"]
[SourceVersionDate "2025.05.28"]
[SourceQuality "1"]

1. d4 Nf6 2. c4 e5 3. dxe5 Ng4 4. Nf3 Bc5 5. e3 Nc6 6. Be2 Ngxe5 7. 0-0 0-0 8. Nc3 b6 9. a3 a5 10. Rb1 Be7 11. Nd5 Ba6 12. b3 Bf6 13. Nxf6+ Qxf6 14. Nxe5 Nxe5 15. Bb2 Qe7 16. Qd4 f6 17. Rfd1 d6 18. Kh1 Bb7 19. f4 Ng6 20. Bf3 Bxf3 21. gxf3 Nh4 22. f5 g5 23. fxg6 Nxg6 24. Rg1 Kh8 25. Rg3 Rae8 26. e4 Nf4 27. Qd2 Ng6 28. Rbg1 Rg8 29. Qg5 Ref8 30. h4 Rg7 31. Qh6 Rfg8 32. Qh5 Ne5 33. Rxg7 Rxg7 34. Rxg7 Kxg7 35. Bc1 Qe6 36. Qh6+ Kg8 37. Kg2 Qe7 38. Qh5 Qg7+ 39. Kf1 Qg6 40. Qxg6+ hxg6 41. Ke2 Kf7 42. a4 Ke6 43. f4 Nd7 44. Be3 f5 45. Kf3 Nf6 46. e5 dxe5 47. fxe5 Nd7 48. Bd4 Nxe5+ 49. Kf4 Nf7 50. Bc3 c6 51. Bd4 c5 52. Bc3 Nd6 53. Be5 Kd7 54. Bf6 Nf7 55. Bg7 Ke6 56. Bc3 Kd6 57. Bf6 1/2-1/2